• 首页
  • 本馆介绍
  • 公告通知
  • 最新文献
  • 馆藏检索
  • 电子资源
  • 读者导购
  • 参考咨询
  • 我的图书馆
  • 登录
  • 详细信息显示
  • 放入我的书架
  • 预约/预借图书
  • 作者相关作品
  • 分类相关作品
  • 丛书相关作品
  • 出版社相关作品

书目信息

  • 表格格式
  • 工作单格式
  • 卡片格式
题名:
中国旅游业发展及创新研究
    
 
作者: 王婉飞 著
分册:  
出版信息: 北京   经济科学出版社  2006
页数: 257页
开本: 21cm
丛书名: 中青年经济学家文库
单 册:
中图分类: F592.3
科图分类:
主题词: 旅游业--经济发展--研究--中国 , 旅游业 , 经济发展
电子资源:
ISBN: 7-5058-5685-5
000 01183oam2 2200313 450
001 003264762
005 20070807150102.45
010    @a7-5058-5685-5@dCNY21.60
035    @a003264762
100    @a20060104d2006 em y0chiy0110 ea
101 0  @achi
102    @aCN@b110000
105    @ay z 000yy
106    @ar
200 1  @a中国旅游业发展及创新研究@Azhong guo lv you ye fa zhan ji chuang xin yan jiu@e以分时度假为突破口@Eyi fen shi du jia wei tu po kou@f王婉飞著@Fwang wan fei zhu
210    @a北京@c经济科学出版社@d2006
215    @a257页@d21cm
225 2  @a中青年经济学家文库@Azhong qing nian jing ji xue jia wen ku
300    @a浙江省社科联省级社会科学学术著作出版资金资助出版
330    @a本书将我国分时度假行业的微观研究融入到我国旅游产业环境的宏观研究之中,为规范和发展我国分时度假市场提出具有建设性的对策,进而为我国旅游产业发展提供理论依据和决策参考。
461  0 @10010199032321@12001 @a中青年经济学家文库
606 0  @a旅游业@x经济发展@x研究@y中国
606 0  @a旅游业
606 0  @a经济发展
610 0  @a分时度假
690    @aF592.3@v4
701  0 @a王婉飞@Awang wan fei@c(女,@f1963.9~)@4著
801  0 @aCN@bNLC@c20070807
905    @dF592.3@e209@f1
    
    中国旅游业发展及创新研究:以分时度假为突破口/王婉飞著.-北京:经济科学出版社,2006
    257页;21cm.-(中青年经济学家文库)
    浙江省社科联省级社会科学学术著作出版资金资助出版
    
    ISBN 7-5058-5685-5:CNY21.60
    本书将我国分时度假行业的微观研究融入到我国旅游产业环境的宏观研究之中,为规范和发展我国分时度假市场提出具有建设性的对策,进而为我国旅游产业发展提供理论依据和决策参考。
●
相关链接 在E读中查询图书 在五车中查询图书 在当当中查询图书 在豆瓣中查询图书


正题名:中国旅游业发展及创新研究     索取号:F592.3/209         预约/预借

序号 登录号 条形码 馆藏地/架位号 状态 备注
1 0852962   208529626   第一样本阅览室/ [索取号:F592.3/209] 在馆    
唐山师范学院图书馆 欢迎您!
大连网信软件有限公司© 版权所有